Let's transform India : (Record no. 144082)

MARC details
000 -LEADER
fixed length control field 00535nam a22001697a 4500
010 ## - LCCN (DPL NO)
LC control number ENG-120316
020 ## - INTERNATIONAL STANDARD BOOK NUMBER
International Standard Book Number 9788126919093
Terms of availability 795.00
035 ## - SYSTEM CONTROL NUMBER
System control number EN-103848
037 ## - SOURCE OF ACQUISITION
Source of stock number/acquisition DBAD/PUB
082 ## - DEWEY DECIMAL CLASSIFICATION NUMBER
Classification number 351.54
100 ## - MAIN ENTRY--PERSONAL NAME
Personal name .Meenakshi Sundaram,V.R
245 ## - TITLE STATEMENT
Title Let's transform India :
Statement of responsibility, etc by V.R.Meenakshi Sundaram
Remainder of title first things first /
260 ## - PUBLICATION, DISTRIBUTION, ETC. (IMPRINT)
Place of publication, distribution, etc New Delhi
Name of publisher, distributor, etc Atlantic publishers
Date of publication, distribution, etc 2014
270 ## - ADDRESS
Address 7/22,Ansari road,Daryaganj
City New Delhi
Postal code 110002
300 ## - PHYSICAL DESCRIPTION
Extent xiv,322p.
Dimensions 23cm(Hb)
942 ## - ADDED ENTRY ELEMENTS (KOHA)
Source of classification or shelving scheme Dewey Decimal Classification
Item type English Books
Classification part 351.54
Call number suffix MEE
Holdings
Withdrawn status Lost status Not for loan Collection code Home library Current library Date acquired Source of acquisition Cost, normal purchase price Full call number Barcode Copy number Cost, replacement price Koha item type
      Non-fiction Ashok Vihar Ashok Vihar 06/09/2017 DBAD/PUB 795.00 351.54 MEE EN-103848 1 795.00 English Books

© Delhi Public Library
Hit Counter
free hit counter